| 000 -LEADER |
| fixed length control field |
00436pab a2200145 454500 |
| 008 - FIXED-LENGTH DATA ELEMENTS--GENERAL INFORMATION |
| fixed length control field |
180718b1986 xxu||||| |||| 00| 0 eng d |
| 100 ## - MAIN ENTRY--PERSONAL NAME |
| Personal name |
Kalimuthu, P. |
| 245 ## - TITLE STATEMENT |
| Title |
The social and career background of the promotees in the IAS cadre of Tamil Nadu - a study |
| 260 ## - PUBLICATION, DISTRIBUTION, ETC. |
| Date of publication, distribution, etc. |
1986 |
| 300 ## - PHYSICAL DESCRIPTION |
| Extent |
178-99 |
| 362 ## - DATES OF PUBLICATION AND/OR SEQUENTIAL DESIGNATION |
| Dates of publication and/or sequential designation |
Apr.-June |
| 650 ## - SUBJECT ADDED ENTRY--TOPICAL TERM |
| Topical term or geographic name entry element |
Civil Service - India - Tamil Nadu |
| 773 ## - HOST ITEM ENTRY |
| Main entry heading |
Indian Journal of Political Studies |
| 909 ## - |
| -- |
5783 |